000
00297 a2200145 4500
001
162313
020
_a
040
_c
Magnum
100
_a
Berle, Gustav
240
1
0
_a
O empreendedor do verde
_l
por
245
1
0
_a
O empreendedor do verde
362
0
_a
1899
697
_a
ECOLOGIA
942
_c
BK
999
_c
162313
_d
162313